[Event "Novak Nikolic Memorial 2nd"]
[Site "Belgrade"]
[Date "2000.02.04"]
[Round "2"]
[White "Vuckovic, Bojan"]
[Black "Govedarica, Radovan"]
[Result "1-0"]
[WhiteElo "2427"]
[BlackElo "2483"]
[Annotator "Kortschnoj,V"]
[PlyCount "63"]
[EventDate "2000.02.02"]
[EventType "tourn"]
[EventRounds "11"]
[EventCountry "YUG"]
[EventCategory "11"]
[SourceTitle "CBM 076"]
[Source "ChessBase"]
[SourceDate "2000.05.31"]
[SourceVersion "1"]
[SourceVersionDate "2000.05.31"]
[SourceQuality "1"]

1. e4 e5 2. Nf3 Nf6 3. Nxe5 d6 4. Nxf7 $5 {An adventurous sacrifice.} Kxf7 5.
d4 $1 {With a point: 5...N:e4 6.Qh5+, winning a piece back.} Qe8 {The move has
been played the most often, but I don't rate it too high.} ({I would recommend
instead} 5... c5 {with a hope after} 6. dxc5 d5 $1 {to take over an initiative
with black...}) 6. Nc3 g6 7. Bd3 Nc6 {Here, with some reservations, though, I
would suggest c7-c5 again - in order to put some pressure upon the central
pawns of white.} 8. Be3 Kg7 9. O-O Nb4 10. h3 $1 {Remarkable: white is not in
a hurry! After 10.f4 black would play Ng4, followed by N:d3 and then h5, thus
blockading white's pawn phalanx on white squares.} Nxd3 $6 {Black still could
wait with this exchange. 10...c6 was called for.} 11. Qxd3 $44 Rg8 $6 (11... c6
$5) 12. e5 $1 $16 {Now black badly needs a good advice!} dxe5 {12...Nd7 at
once was more stubborn.} 13. dxe5 Nd7 (13... Qxe5 14. Bd4 {and in regard to an
imminent Nd5 white wins a piece back.}) 14. Nd5 Nc5 15. Qc3 Ne6 (15... Na4 16.
Qxc7+ Qf7 17. Qxf7+ Kxf7 18. Nc7 {was also bad for black..}) 16. Nxc7 $1 {
A winning stroke! 16...Nc7 17.e6 mate!} Qd7 17. Nxa8 $18 b6 18. Rad1 Qb7 19.
Rd8 Be7 20. Rxg8+ Kxg8 21. Nxb6 axb6 22. Bxb6 Qxb6 23. Qxc8+ Kg7 24. c3 Nf4 25.
Qd7 Kf8 26. b4 Qa6 27. b5 Qa4 28. Re1 Qc2 29. b6 Qxc3 30. Re3 Qa1+ 31. Kh2 Qf1
32. Qg4 1-0

[Event "FIDE-Wch k.o."]
[Site "Moscow"]
[Date "2001.12.05"]
[Round "4.2"]
[White "Shirov, Alexei"]
[Black "Topalov, Veselin"]
[Result "1/2-1/2"]
[WhiteElo "2706"]
[BlackElo "2733"]
[Annotator "Kostakiev,D"]
[PlyCount "75"]
[EventDate "2001.11.27"]
[EventType "k.o."]
[EventRounds "7"]
[EventCountry "RUS"]
[SourceTitle "CBM 086"]
[Source "ChessBase"]
[SourceDate "2002.02.05"]
[SourceVersion "1"]
[SourceVersionDate "2002.02.05"]
[SourceQuality "1"]

1. e4 {. Recently, in the last open Wch, the chess grands Shirov and Topalov
have discussed many times the position after the move 13th.} e5 2. Nf3 Nf6 3.
Nxe5 d6 4. Nf3 Nxe4 5. d4 d5 6. Bd3 Nc6 7. O-O Be7 8. c4 Nb4 9. Be2 (9. cxd5
$11) 9... Be6 (9... O-O) 10. Nc3 O-O 11. Be3 (11. Ne5 $5 c5 12. Nxe4 dxe4 13.
d5 Bc8 14. a3 {1-0 Anand,V-Shirov,A/Moscow RUS 2001 (44)}) 11... Bf5 12. Qb3 {
Introduced by Khalifman 1985, this move has its partisans as well as critics.
The statistic is more favorable for Black. 'Schussler: 'The main alternative
is 12.Rc1.''} (12. Ne1 dxc4 {1-0 Polovnikova,E-Gorshkova,I/WchJW U20 1997/EXP
59 (46)}) (12. Ne5 f6 13. Nd3 Nxc3 14. bxc3 Nxd3 {1/2-1/2 Popovic,
P-Mikhalchishin,A/JUG-chT (Cetinje) 1993 (16)}) (12. Rc1 dxc4 13. Bxc4 c6 14.
Ne5 Nxc3 15. bxc3 Nd5 16. Re1 {Timman,J-Bareev,E/Linares 1993/0-1 (52)} (16.
Qf3 Be6 {Huebner,R-Timman,J/Sarajevo cdt 8f 1991/1/2-1/2 (60)})) 12... c6 (
12... dxc4 13. Bxc4 a5 14. a3 (14. Nxe4 Bxe4 15. a3 a4 16. Qd1 {0-1
Voitsekhovsky,S-Kolesar,M/Pardubice /1995 (37)}) 14... Nxc3 {1-0 Zagrebelny,
S-Pavasovic,D/Ljubljana op 1994 (29)}) 13. cxd5 {''!?' Blatny,P. '} (13. Rac1 {
'!?' Blatny,P.} dxc4 14. Bxc4 b5 {'?!' Schussler.} (14... a5 15. a3 Nxc3 16.
axb4 {1-0 Adams,M-Christiansen,L/Cannes team60 1992/CBM 28/[Schussler] (51)})
15. Bxf7+ (15. Be2 Be6 $17) 15... Rxf7 16. Ne5 Nd5 17. Nxe4 Bxe4 18. Rxc6 Qe8 {
0-1 Khalifman,A-Arkhipov,S/Moscow 1985/MCL (57)}) (13. c5 $5 Nxc3 14. bxc3 (14.
Qxc3 Nc2) 14... Nc2 15. Rad1 (15. Rac1 {1-0 Kloppenburg,M-Pinkerneil,R/6/7
ICCF Cup sf 1991 (41)}) 15... Nxe3 16. fxe3 Rb8 17. c4 Be6 {0-1 De Firmian,
N-Schwartzman,G/Chandler 1997/CBM 61 (48)}) ({Topalov himself against Shirov
prefered 13 g4 and::} 13. Ne5 a5 14. g4 Be6 15. Nxe4 dxe4 16. a3 f6 17. axb4
fxe5 18. d5 {1/2-1/2 Topalov,V-Shirov,A/Moscow RUS 2001/The Week in Chess 370 
(31)}) (13. g4 Bxg4 14. c5 a5 15. a3 Na6 16. Qxb7 Nc7 (16... Nxc3 17. bxc3 Nc7
18. Rab1 Nb5 {0-1 Topalov,V-Shirov,A/Moscow RUS 2001/The Week in Chess 370 (53)
}) 17. Ne5 Bxe2 18. Nxc6 Qd7 19. Nxe2 Ra6 {1-0 Topalov,V-Shirov,A/Moscow RUS
2001/The Week in Chess 370 (42)}) 13... cxd5 ({The latest deviation from the
followed path was in another Shirov's game:} 13... Nxc3 14. bxc3 Nxd5 15. Qxb7
{1/2-1/2 Shirov,A-Gelfand,B/Leon ESP 2001/The Week in Chess 366 (28)}) 14. Rac1
(14. Rfc1 Rc8 15. Ne5 f6 16. Nf3 Qd7 17. Nxe4 Bxe4 18. Ne1 {1/2-1/2 De Firmian,
N-Kaidanov,G/New York op 1994/EXP 40}) 14... a5 15. Na4 Rb8 {[#]} 16. Nc5 $146
(16. Bf4 Bd6 17. Bxd6 Qxd6 18. a3 {0-1 Plaskett,J-Fridman,D/Port Erin 1998/CBM
67 ext (64)}) ({Fritz 7:} 16. a3 Na6 17. Ne5 $14) 16... Bd6 $14 (16... b6 17.
Na4 Qd6 $14) (16... Qd6 17. a3 $14) 17. Rfd1 (17. a3 $142 $14) 17... b6 $11 18.
Nxe4 (18. Nd3) 18... dxe4 19. Ne5 {[#]} Qe8 (19... Qh4 $5) 20. Nc4 $14 Bc7 (
20... Qe7 $6 21. Nxd6 $140 (21. Bd2 Rbc8 22. Nxd6 Qxd6 23. Bxb4 axb4 24. Rc4
Rfd8 25. Qxb4 Qxb4 26. Rxb4 Rc2 27. Re1 Kf8 28. f3 Re8 29. Bd1 Rc1 30. Kf2 e3+
31. Ke2 Bc2 32. g3 (32. Rxb6 Bxd1+ 33. Rxd1 Rc2+ 34. Kd3 Rxg2 35. a4 Rxh2 36.
b4 Rf2 37. a5 Rxf3 38. Re1 e2+ 39. Kd2 Ra3 $11)) 21... Qxd6 22. d5 Rfd8 23. f3
Qe5 24. Bd4 Qf4 25. g3 Qd6 26. Be3 Rbc8 27. Bf4 $14 {^^}) 21. Na3 {[#]} Rb7 (
21... Qd7 $5 22. Nb5 Bd6 23. Nxd6 (23. d5) 23... Qxd6 24. a3 (24. f3 Nd5) 24...
Be6 25. Qa4 Bd7 26. Bb5 Bxb5 27. Qxb5 Nd5 $15) 22. Nb5 $14 Bb8 23. d5 Bd7 (
23... Qe5 24. d6 Nd3 25. Bxd3 exd3 26. Bd4 Qf4 27. Qd5 Be4 28. Qe5 Qxe5 29.
Bxe5 f6 30. f3 Bg6 31. Bf4 $14) 24. a4 (24. Nc3 $14) 24... Be5 25. d6 Qb8 26.
Rc7 Rd8 27. Qc4 Na6 28. Rc1 $2 (28. Rxb7 $1 Qxb7 29. Qd5 Qxd5 30. Rxd5 Re8 31.
Bxb6 Nb4 32. Rd2 $16) 28... Nxc7 29. dxc7 Rxc7 30. Nxc7 Rc8 31. Qd5 (31. Qxe4
Bxc7 32. Qh4 Bf5 33. Bf3 Be5 $11) 31... Rxc7 32. Rd1 $14 Qe8 $6 (32... Ra7 $6
33. Kh1 g6 (33... Bxh2 34. g3 Bxg3 35. fxg3 Qxg3 36. Qd6 $14) 34. Qxe4 Bf5 35.
Qc6 Re7 36. Bxb6 Re6 37. Qxe6 Bxe6 38. Rd8+ Qxd8 39. Bxd8 Bd7 40. Bxa5 $16) (
32... Rb7 $1 33. Kh1 g6) 33. Bxb6 Bxa4 34. Qxe5 $2 (34. Bxc7 $18 Bxc7 (34...
Bxd1 35. Bb5 Bb3 (35... Qe7 36. Bxe5 $18) 36. Qxb3) 35. Rc1 Bb8 36. Bg4 $18)
34... Qxe5 $11 35. Rd8+ Be8 36. Bxc7 Qe7 37. Bxa5 (37. Bb5 Qxd8 38. Bxd8 Bxb5
$11) 37... h6 38. Bb5 $11 1/2-1/2

[Event "Amsterdam VSB"]
[Site "Amsterdam"]
[Date "1993.??.??"]
[Round "6"]
[White "Short, Nigel D"]
[Black "Anand, Viswanathan"]
[Result "1-0"]
[WhiteElo "2655"]
[BlackElo "2710"]
[Annotator "Kramnik,V"]
[PlyCount "81"]
[EventDate "1993.05.??"]
[EventType "tourn"]
[EventRounds "6"]
[EventCountry "NED"]
[EventCategory "17"]
[SourceTitle "CBM 035"]
[Source "ChessBase"]
[SourceDate "1993.08.01"]
[SourceVersion "1"]
[SourceVersionDate "1993.08.01"]
[SourceQuality "1"]

1. e4 {Ftacnik} e5 2. Nf3 Nf6 3. Nxe5 d6 4. Nf3 Nxe4 5. d4 d5 6. Bd3 Nc6 7. O-O
Be7 8. c4 Nb4 9. Be2 Be6 10. Nc3 O-O 11. Be3 Bf5 12. Ne5 $5 $146 (12. Rc1 $2 {
Ftacnik} Nxc3 13. bxc3 Nxa2 $17) 12... Bf6 $2 (12... Nxc3 13. bxc3 Nc2 14. Rc1
Nxe3 15. fxe3 Be4 (15... Be6 $5 $14) 16. Bf3 $14 Bg5 17. Qe2 $14) 13. g4 $1 Be6
14. f4 Nxc3 15. bxc3 Nc6 16. Bf3 (16. f5 $1 Bc8 17. Nf3 $1 Re8 18. Bf4 $16) (
16. Rb1) (16. Nxc6 {Ftacnik} bxc6 17. f5 Bc8 18. Qd2 $16) (16. Rb1 {Ftacnik})
16... Bxe5 17. dxe5 d4 $1 (17... dxc4 18. f5 Bd7 19. Qd5 Re8 20. Bf4 $16) 18.
cxd4 Bxc4 19. d5 $1 (19. Rf2 Bd5 20. f5 $36) 19... Ne7 20. Bc5 $1 Bxf1 21. Kxf1
$16 Qd7 22. Qb3 b6 23. Ba3 Rae8 (23... c6 $5 $16 {Ftacnik}) 24. Rd1 Ng6 (24...
Kh8 25. f5 $18) 25. e6 $1 (25. Bxf8 Rxf8 26. Qb4 $18) 25... Qd8 (25... fxe6 {
Ftacnik} 26. dxe6 Qxe6 27. Bd5 Rxf4+ 28. Kg1 Rxg4+ 29. Kh1 $18) 26. f5 Ne5 27.
Be2 Qh4 28. Qg3 (28. h3 h5 29. Bxf8 Rxf8 30. Qe3 $1 f6 31. gxh5 $16) (28. h3 {
Ftacnik}) 28... Qxg3 29. hxg3 fxe6 30. Bxf8 Kxf8 31. dxe6 Ke7 (31... h6 {
Ftacnik} 32. Rd5 $18) 32. g5 $1 c6 33. g4 (33. Rd4 {Ftacnik} g6 34. Re4 Kd6)
33... g6 34. Rd4 $1 gxf5 35. gxf5 Rf8 36. Rf4 b5 $1 37. Ke1 $1 (37. Kf2 Ng6 $5
(37... Ng6 {Ftacnik} 38. Rf3 Nh4)) 37... h6 38. gxh6 Rh8 39. Re4 Kf6 40. e7
Kxf5 41. Rxe5+ (41. Rxe5+ {Ftacnik} Kxe5 42. Bh5 $18) 1-0

[Event "Candidates Tournament"]
[Site "Ekaterinburg"]
[Date "2020.03.22"]
[Round "5"]
[White "Nepomniachtchi, Ian"]
[Black "Wang, Hao"]
[Result "1-0"]
[WhiteElo "2774"]
[BlackElo "2762"]
[Annotator "Krasenkow,M"]
[PlyCount "85"]
[EventDate "2020.03.15"]
[EventType "tourn"]
[EventRounds "14"]
[EventCountry "RUS"]
[EventCategory "21"]
[SourceTitle "CBM 195"]
[Source "ChessBase"]
[SourceDate "2020.04.30"]
[SourceVersion "1"]
[SourceVersionDate "2020.04.30"]
[SourceQuality "1"]

{[%evp 0,85,19,31,25,28,13,7,51,38,38,9,15,12,12,12,56,67,63,35,49,38,44,50,67,
45,44,17,26,9,23,23,23,23,23,0,14,-31,20,8,2,5,15,18,33,33,33,33,33,2,9,0,18,0,
2,8,33,23,0,-21,55,23,23,23,23,23,107,107,159,159,159,116,159,116,141,131,131,
131,174,239,239,239,239,239,231,239,239,216]} 1. e4 e5 2. Nf3 Nf6 3. Nxe5 d6 4.
Nf3 Nxe4 5. d4 d5 6. Bd3 Bf5 7. O-O Be7 8. Re1 O-O 9. Nbd2 (9. c4 {is more
aggressive.}) 9... Nd6 10. Nf1 Bxd3 11. Qxd3 c6 12. Bf4 Na6 {The knight heads
to e6 - a typical manoeuvre in such positions.} 13. h4 $146 {[%mdl 32] A new
plan of a kingside attack. Here is its idea: in order to develop his pieces 
(particularly, to place his queen on d7), Black will have to play ...f7-f6.
Then White plays h4-h5 and (after exchanging Black's d6 knight) places his own
knight on f5. It may not be easy for Black to push it away by ...g7-g6 (at
least, it will be a weakening move), and White will be threatening h5-h6 at
any moment. Other attempts to get an edge have not been successful so far:} (
13. Ng3 Nc7 14. b3 Ne6 15. Be5 Re8 16. c4 f6 17. cxd5 cxd5 18. Bxd6 Bxd6 $11 {
1/2 (70) Robson,R (2670)-Deac,B (2613) Douglas 2019}) (13. Re2 Nc7 14. Rae1 Ne6
15. Bxd6 Bxd6 16. g3 Qf6 17. c3 Rae8 18. Kg2 Re7 19. Ne3 Qg6 20. Qxg6 hxg6 $11
{1/2 (33) Danin,A (2511)-Volokitin,A (2634) Austria 2019}) (13. Ne3 Nc7 14. Re2
(14. Rad1 Ne6 15. Bxd6 Bxd6 16. g3 Re8 17. c4 dxc4 18. Qxc4 Qc7 $11 {1/2 (30)
Anand,V (2773)-Vidit,S (2695) Wijk aan Zee 2019}) (14. Nf5 Nxf5 15. Qxf5 Ne6
16. Bg3 Bf6 17. c3 g6 18. Qc2 Ng7 19. Re2 Re8 $11 {1-0 (66) Zhigalko,S (2616)
-Rakhmanov,A (2627) Ankara 2018}) (14. Bxd6 Bxd6 15. Nf5 g6 16. Nxd6 Qxd6 17.
g3 Rfe8 18. c3 Rxe1+ 19. Rxe1 Re8 $11 {1/2 (25) Buhmann,R (2573)-Bindrich,F 
(2599) Magdeburg 2019}) 14... Ne6 15. Bxd6 Bxd6 16. g3 Qd7 17. Rae1 Rfe8 (17...
Rae8 18. b3 Nc7 19. c4 Bb4 20. Ra1 f6 21. a3 Be7 22. Rae1 Bd8 $11 {1/2 (31)
Anand,V (2767)-Yu,Y (2738) Stavanger 2019}) 18. h4 Nc7 19. b3 f6 20. c4 Bb4 21.
Ra1 Bf8 22. Rae1 Bb4 23. Rb1 a5 $11 {1-0 (52) Yu Yangyi (2753)-Bai,J (2600)
China CHN 2019}) (13. Qb3 Nc7 (13... Rb8 14. Ng3 Nc7 15. Bxd6 Bxd6 16. Nf5 g6
17. Nxd6 Qxd6 18. Qd3 Rfe8 $11 {1/2 (21) Kokarev,D (2615)-Ni,H (2671) Riadh
2017}) 14. Ne3 Re8 15. c3 Rb8 16. Re2 Ne6 17. Bg3 Qb6 18. Qc2 Rbd8 19. Nd2 Qa6
20. Nb3 Ne4 $11 {1/2 (49) Romanov,E (2619)-Khismatullin,D (2632) Sochi 2018})
13... Nc7 14. Ng5 Bxg5 ({Of course, it was not easy to "bear" White's g5
knight by playing} 14... g6 {[%cal Yf8e8,Yd8d7]}) 15. Bxg5 f6 16. Bf4 Qd7 17.
Ng3 Rae8 (17... g6 $5 18. h5 Kf7 {[%cal Yf8e8] may be a safer way to contain
White's initiative.}) 18. Bxd6 Qxd6 19. Nf5 Qd7 20. Qh3 Kh8 21. h5 Rxe1+ 22.
Rxe1 Re8 23. Rxe8+ Nxe8 {Black has simplified the game but White keeps
pressure thanks to his strong f5 knight.} 24. g4 {Perhaps it was better to
refrain from this move at the moment and play} (24. Kf1 {then a4 etc. White
has no clear plan to improve his position but he can manoeuvre to confuse his
opponent.}) 24... a6 (24... Nd6 $4 25. Qa3) (24... Kg8 $5 {[%cal Yg7g6,Ye8d6]}
25. g5 $140 Qf7 $1) 25. b3 Qe6 26. Ne3 Nd6 27. h6 g6 28. c4 {White tries to
keep tension by all means.} (28. Qg3 Kg8 29. c4 Kf7 {was not dangerous for
Black.}) 28... dxc4 (28... Kg8 $5 29. cxd5 (29. Qg3 Kf7 30. c5 Ne4 31. Qb8 Qe7
$11) 29... cxd5 30. Qf3 Ne4 $11) 29. bxc4 Kg8 {This move is less accurate here
than it was a move earlier.} (29... Nxc4 $2 30. Nxc4 Qxc4 31. Qh2 $1 $18 {
E.Gleizerov}) (29... Nf7 $5 30. Qh2 $140 Qd6) 30. Qh2 Kf7 31. c5 Nb5 32. Qb8
Qd7 $2 {[%mdl 8192]} (32... Nxd4 33. Qxb7+ Qe7 34. Qxa6 Qe4 $1 (34... Qxc5 $143
35. a4 $14 {[%csl Ga4]}) {looks crazy but there is apparently no way for White
to make progress, e.g.} 35. Qb7+ (35. Qc4+ Kf8 36. a4 f5 $132) 35... Ke8 36.
Qxh7 (36. Qb8+ Kf7 37. Qc7+ Ke8 $1) 36... Ne2+ 37. Kf1 (37. Kh2 Qf4+ 38. Kg2
Qe4+ 39. f3 Qxe3 40. Qxg6+ Ke7 {, and it is White who must secure the draw})
37... Ng3+ $1 38. fxg3 (38. Ke1 Qb1+ 39. Kd2 Ne4+) 38... Qf3+ 39. Ke1 Qxe3+ {
with a perpetual. Of course, such a decision can hardly be taken in a
practical game.}) (32... Qe7 {was a normal move, with good drawing chances
after} 33. Qh8 Ke6 34. Nc2 (34. f4 Kd7) 34... Nc3 {, e.g.} 35. Qg8+ Kd7 36. Qb3
Nb5 37. a4 Nc7) 33. Qh8 Ke6 34. f4 $1 {This is very strong now.} Nxd4 (34...
Qe7 35. f5+ Kd7 (35... gxf5 36. Nxf5) 36. Kf2 {[%cal Rf5g6]} g5 (36... gxf5 37.
Nxf5 Qf7 38. a4 $1 Nc3 39. Nd6 $18) 37. Nc4 Kc7 38. Nb6 Na7 39. a4 a5 40. Qg8
$22 $18) 35. Qg8+ Qf7 36. Qc8+ Qd7 (36... Ke7 37. Qxb7+ Ke8 (37... Ke6 38. f5+)
38. Qb8+ Ke7 39. Qd6+ $18) 37. Qg8+ Qf7 38. Qd8 $1 {[%cal Rd8d6,Rd8d4] The
move Black missed. He loses a piece and the game.} Qd7 (38... Nb5 39. a4 $18)
39. f5+ gxf5 40. gxf5+ Nxf5 41. Qxd7+ Kxd7 42. Nxf5 Ke6 {[%cal Yf5f3]} 43. Ne3
{White has no problems converting his extra piece so Black resigns.} (43. Ne3
Ke5 44. Kf2 Kf4 45. Nc4 Kg5 46. Na5 Kxh6 47. Nxb7 Kg5 48. Nd8 Kf4 49. Nxc6 {
etc.}) 1-0